01014nam a2200229 a 450000100100000000500170001000800410002702000150006804000250008308200160010810000340012424501420015826000490030030000170034949000580036650000370042470000250046183000650048695201080055195201080065999900170076700003720320240301180540.0120301s1980 mx 000 0 spa d a9682304040 aDO-SdBNPbspacBNPHU axxxxbM392c1 aMarx, Karl,d1818-188393043913aEl capital, crítica de la económia política :bel proceso de producción de capital /cKarl Marx ; edición a cargo Pedro Scaron. aMéxico :bSiglo Veintiuno Editores,c1980. av. ;c21 cm.1 aBiblioteca del pensamiento socialista.aLos clásico aLa biblioteca posee el volumen 21 aScaron, Pedro961231 0aBiblioteca del pensamiento socialista.aLos clásico963618 001050718MOaGRbGRcHDd2012-03-01iLF1l0ov. 2p37203-10r2020-06-25w2020-06-25y1ZNo se presta 001050718MOaGRbGRcHDd2015-08-14iLF1l0ov. 3p37203-20r2020-06-25w2020-06-25y1ZNo se presta c36693d36693